| 000 | 01436nam a22003254a 4500 | ||
|---|---|---|---|
| 001 | ebr10058861 | ||
| 003 | CaPaEBR | ||
| 006 | m u | ||
| 007 | cr cn||||||||| | ||
| 008 | 010725s2002 cau sb s001 0 eng | ||
| 010 | _z 2001004447 | ||
| 020 | _z0520221966 (alk. paper) | ||
| 040 |
_aCaPaEBR _cCaPaEBR |
||
| 035 | _a(OCoLC)179106948 | ||
| 050 | 1 | 4 |
_aBV3775.B7 _bC65 2002eb |
| 082 | 0 | 4 |
_a277.44/61081 _221 |
| 100 | 1 |
_aCorrigan, John, _d1952- |
|
| 245 | 1 | 0 |
_aBusiness of the heart _h[electronic resource] : _breligion and emotion in the nineteenth century / _cJohn Corrigan. |
| 260 |
_aBerkeley : _bUniversity of California Press, _cc2002. |
||
| 300 | _axii, 389 p. | ||
| 504 | _aIncludes bibliographical references (p/99-369) and index. | ||
| 533 |
_aElectronic reproduction. _bPalo Alto, Calif. : _cebrary, _d2013. _nAvailable via World Wide Web. _nAccess may be limited to ebrary affiliated libraries. |
||
| 650 | 0 |
_aRevivals _zMassachusetts _zBoston _xHistory _y19th century. |
|
| 650 | 0 |
_aEmotions _xReligious aspects _xChristianity _xHistory of doctrines _y19th century. |
|
| 650 | 0 |
_aProtestants _zMassachusetts _zBoston _xHistory _y19th century. |
|
| 650 | 0 |
_aBusinessmen _xReligious life _zMassachusetts _zBoston. |
|
| 655 | 7 |
_aElectronic books. _2local |
|
| 710 | 2 | _aebrary, Inc. | |
| 856 | 4 | 0 |
_uhttp://site.ebrary.com/lib/rucke/Doc?id=10058861 _zAn electronic book accessible through the World Wide Web; click to view |
| 999 |
_c67315 _d67315 |
||